| 000 | 00809nam a22002057a 4500 | ||
|---|---|---|---|
| 005 | 20210325175201.0 | ||
| 008 | s2527 th tha d | ||
| 041 | _atha | ||
| 050 | _aDS570.6 ป492ค 2527 | ||
| 245 | 1 | 0 | _aคิดถึงอาจารย์ป๋วย |
| 260 | 3 |
_aกรุงเทพฯ : _bโรงพิมพ์สวิตาการพิมพ์, _c2527 |
|
| 300 |
_a151 หน้า : _b ภาพประกอบ; _c 21 ซม. |
||
| 650 | 0 | 4 | _aป๋วย อึ้งภากรณ์, 2459--2542 |
| 650 | 0 | 4 | _aป๋วย อึ้งภากรณ์ -- ผลงาน -- บรรณานุกรม |
| 850 | _aNALT | ||
| 942 | _cGB | ||
| 997 | _a5063 | ||
| 997 | _c000000000006003 | ||
| 998 | _aนางสาวสุพันดา สุภาพ | ||
| 999 |
_c6003 _d6003 |
||